Nuestro Rubén Darío /
Rubén Darío (1867-1916), escritor nicaragüense que es considerado como el fundador del modernismo, estableció con su obra un parteaguas en la poesía en lengua castellana y fue el primer caso de escritor americano que sirvió de ejemplo en Europa. Su trayectoria inicia cabalmente con Azul... (1888), l...
I tiakina i:
| Kaituhi matua: | |
|---|---|
| Ētahi atu kaituhi: | , , |
| Hōputu: | Pukapuka |
| Reo: | Pāniora |
| I whakaputaina: |
Nicaragua :
Ministerio de Cultura,
1980, c1980
|
| Rangatū: | (Colección Popular de Literatura Nicaragüense ;
2) |
| Ngā marau: | |
| Ngā Tūtohu: |
Kāore He Tūtohu, Me noho koe te mea tuatahi ki te tūtohu i tēnei pūkete!
|
MARC
| LEADER | 00000nam^a2200000^a^4500 | ||
|---|---|---|---|
| 001 | 000165800 | ||
| 005 | 20250521000000.0 | ||
| 009 | 20260310101032.038 | ||
| 037 | |a Acervo ITESO - Biblioteca | ||
| 041 | |a ESP | ||
| 082 | |a 861. |b DAR | ||
| 100 | |a Darío, Rubén |e (autor) | ||
| 245 | 1 | 0 | |a Nuestro Rubén Darío / |c R. Darío ; selec. de J.E. Arellano, Fidel Coloma, M. Zimmerman, Julio Valle-Castillo. |
| 264 | 4 | |a Nicaragua : |b Ministerio de Cultura, |c 1980, c1980 | |
| 300 | |a 184 p. | ||
| 336 | |a texto |b txt |2 rdacontenido | ||
| 337 | |a sin mediación |b n |2 rdamedio | ||
| 338 | |a volumen |b nc |2 rdasoporte | ||
| 440 | 1 | |a (Colección Popular de Literatura Nicaragüense ; |v 2) | |
| 520 | |a Rubén Darío (1867-1916), escritor nicaragüense que es considerado como el fundador del modernismo, estableció con su obra un parteaguas en la poesía en lengua castellana y fue el primer caso de escritor americano que sirvió de ejemplo en Europa. Su trayectoria inicia cabalmente con Azul... (1888), libro al que siguieron Prosas Profanas (1896), Cantos de vida y esperanza (1905), El canto errante (1907), Poema del otoño y otros poemas (1910), Danzas gimnesias (1913) y Canto a la Argentina y otros poemas (1914) en el terreno de la poesía, a los que debe sumarse los ensayos Los raros (1893), España contemporánea (1901), Perenigraciones (1901) y La caravana pasa (1903). | ||
| 649 | |a XX | ||
| 650 | |a Poesía Nicaragüense | ||
| 650 | |a Literatura Nicaragüense - |y Siglo XIX | ||
| 650 | |a Literatura Nicaragüense - |y Siglo XX | ||
| 650 | |a Modernismo (Literatura) - |z Nicaragua | ||
| 700 | |a Arellano, Jorge Eduardo |e (selección) | ||
| 700 | |a Zimmerman, Marc |e (selección) | ||
| 700 | |a Mejía Sánchez, Ernesto |e (introducción) | ||
| 910 | |a Fondo General | ||
| 920 | |a Impresos - Libros | ||
| 930 | |a Colección General | ||
| 940 | |a Literatura | ||
| 905 | |a 101 | ||
| 901 | |a 0500101178 |b IT1 |c LIT |u 20250521 | ||
| 902 | |a https://opac.biblio.iteso.mx/vufind/Record/000165800 | ||